000 00996nam a2200277Ia 4500
003 OSt
005 20221005105810.0
006 a|||||r|||| 00| 0
007 ta
008 221004b |||||||| |||| 00| 0 hin d
020 _a9789380458168 (hbk)
_cIndian Rupees 360
024 _a38865
037 _bGift, 28/08/2018,
_cTextual
040 _aCRL
_cCRL
_bhin
041 _2hin
_ahin
082 _aO152,6N32x, Q1
100 _aजैन, कांति कुमार, ले.
245 0 _aबैकुंठपुर में बचपन
246 _aBaikuanṭhapur mean bachapana
260 _aनई दिल्ली
_bसामयिक बुक्स भारत
_c2011
300 _a223पृ0
_ccm.
650 _a हिन्दी साहित्य
650 _aहिन्दी निबंध
942 _hO152,6N32x, Q1
_cTEXL
_2cc
999 _c1016936
_d1016936